00189nam a2200085Ia 4500008004100000082001600041245002800057260000900085650000900094221030s9999 xx 000 0 und d a105.23bMBA 0aOperations ResearchbCD c2002 aBook